000 00395nam a22001577a 4500
008 250620b |||||||| |||| 00| 0 eng d
020 _a9789813151260
050 _aQR41.2
_b.P74
100 _aWilley M. Joanne
245 _aPrescott`s microbiology
250 _a10th
260 _aNew York
_bMc Graw-hill education
_c2017
300 _axxii, 980p.
_bill
650 _amicrobiology
942 _cBK
999 _c3911
_d3911